| 000 | 00492nam a22001697a 4500 | ||
|---|---|---|---|
| 005 | 20231130102826.0 | ||
| 008 | 231130b |||||||| |||| 00| 0 eng d | ||
| 020 | _a9780624063056 | ||
| 041 | _aEnglish | ||
| 082 | _a340 CAM | ||
| 100 |
_aCameron, E _lEnglish |
||
| 245 |
_aJustice A personal Account / _cE Cameron |
||
| 260 |
_aCape Town : _bNB Publisher, _c2014 |
||
| 300 |
_b347 pages ; _c22 cm. |
||
| 650 |
_aLegal practice _bLaw |
||
| 942 |
_cBK _6ALISON_BN_VRIES |
||
| 999 |
_c1086 _d1086 |
||